12 Most Famous Cities in Tajikistan on a Map - Statistics

General Stats
  • This quiz has been taken 52 times
  • The average score is 4 of 12
Answers on the Map
Answers color-coded by a green-red scale on the quiz's map according to % correct below.
 
Answer Stats
Wiki Monthly Views Cityquiz Mention Rate Population Answers % Correct
58.85K 28.12% 1201.80K Dushanbe
100%
17.48K 2.03% 198.70K Khujand
52%
4.35K 0.79% 105.80K Kulob
39%
5.08K 0.47% 126.70K Bokhtar
36%
3.31K 0.27% 64.30K Istaravshan
30%
2.19K 0.14% 57.80K Tursunzoda
30%
3.02K 0.19% 54.90K Isfara
27%
4.98K 0.43% 31.10K Khorog
27%
2.13K 0.17% 8.50K Murghob
24%
4.45K 0.20% 43.80K Panjakent
24%
2.50K 0.09% 32.10K Hisar
21%
2.00K 0.12% 54.40K Vahdat
18%
No matching quizzes found
Score Distribution
Percent of People with Each Score
Percentile by Number Answered
Your Score History
You have not taken this quiz